000 00587nam a22002417a 4500
003 UA-OsUOA
001 24458
007 ta
008 20040218b un ||||| |||| 00| 0 ukr d
090 _a330.1
_bО-75
942 _cBK
040 _aUA-OsUOA
_bukr
_cUA-OsUOA
_dUA-OsUOA
245 _aОснови економічної теорії
300 _a272 с.
955 _a2
041 _aukr
080 _a330.1
020 _a966-06-0005-4
260 _aКиїв
_bЛибідь
_c1998
044 _aUA
650 7 _a330 Економіка взагалі
_2UDC
999 _c310729
_d310729